Catálogo
 En Linea

Obras completas / (Registro nro. 44086)

Detalles MARC
000 -CABECERA
campo de control de longitud fija 00784nam a2200157 a 4500
001 - NÚMERO DE CONTROL
campo de control 000044597
005 - FECHA Y HORA DE LA ÚLTIMA TRANSACCIÓN
campo de control 20201002045504.0
008 - DATOS DE LONGITUD FIJA--INFORMACIÓN GENERAL
campo de control de longitud fija 140721s1996 sp 000 0 spa d
020 ## - NÚMERO INTERNACIONAL ESTÁNDAR DEL LIBRO
Número Internacional Estándar del Libro 8475064590
040 ## - FUENTE DE LA CATALOGACIÓN
Centro catalogador/agencia de origen DO-SdBNP
Lengua de catalogación spa
Centro/agencia transcriptor BNPHU
100 1# - ENTRADA PRINCIPAL--NOMBRE DE PERSONA
Nombre de persona Unamuno, Miguel de
9 (RLIN) 46765
245 10 - MENCIÓN DE TÍTULO
Título Obras completas /
Mención de responsabilidad, etc. Miguel de Unamuno.
260 ## - PUBLICACIÓN, DISTRIBUCIÓN, ETC.
Lugar de publicación, distribución, etc. Madrid :
Nombre del editor, distribuidor, etc. Fundación José Antonio de Castro,
Fecha de publicación, distribución, etc. 1996.
300 ## - DESCRIPCIÓN FÍSICA
Extensión v. ;
Dimensiones 24 cm.
505 0# - NOTA DE CONTENIDO CON FORMATO
Información miscelánea V. 2
Título El espejo de la muerte
Mención de responsabilidad Tulio Montalbán y Julio Macedo --
Título Tres novela ejemplares y un prólogo /
Mención de responsabilidad San Manuel Bueno
Título Mártir, y tres historias más --
Información miscelánea v. 3
Título La efinge
-- La venda
-- La princesa doña Lambra.
-- La difunta
-- El pasado que vulve, Fedra
-- Soledad Raquel encadenada
-- Sombra de sueño
-- El otro
-- El hermano Juan o El mundo es teatro, Madea
Existencias
Estado de retiro Estado de pérdida Restricciones de uso No para préstamo Código de colección Localización permanente Ubicación/localización actual Ubicación en estantería Fecha de adquisición Número de inventario Total de préstamos Signatura topográfica completa Código de barras Fecha visto por última vez Precio válido a partir de Tipo de ítem Koha Número de copia
      Excluido de préstamo Monografías: Libros y Folletos General General En catalogación 21.07.2014 LF1   44597-10 25.06.2020 25.06.2020 No se presta  
      Excluido de préstamo Monografías: Libros y Folletos General General En catalogación 21.07.2014 LF1   44597-20 25.06.2020 25.06.2020 No se presta e.2

Con tecnología Koha